| 000 | 00790nam a2200205Ia 4500 | ||
|---|---|---|---|
| 003 | OSt | ||
| 005 | 20260127120134.0 | ||
| 008 | 220922b |||||||| |||| 00| 0 hin d | ||
| 020 | _a817016723X (hbk) | ||
| 037 | _cTextual | ||
| 040 |
_aARTS _cARTS _bhin |
||
| 041 |
_2hin _ahin |
||
| 100 |
_aकालिया, ममता _9156926 |
||
| 245 | 0 | _aदस प्रतिनिधि कहानियॉं ममता कालिया | |
| 246 | _aDas pratinidhi kahāniyaॉan mamatā kāliyā | ||
| 260 |
_aनयी दिल्ली _b किताबघर प्रकाशन _c2011 |
||
| 300 |
_a103पृ. _ccm. |
||
| 942 |
_hO152,3N40x, Q1 _cTEXL _2CC _n0 |
||
| 999 |
_c293628 _d293628 |
||